000 00580cam a22002291 4500
001 sa 65002809
003 DLC
005 20260227112119.0
008 941012s1962 ii a 000 0 orio
010 _asa 65002809
025 _aPL480:I-O-440
035 _a(OCoLC)31273838
040 _aDLC
_cCU
_dCU
_dDLC
042 _apremarc
050 0 0 _aQL467
_b.A3
100 1 _aĀcāryya, Śāntanu Kumāra,
_d1933-
245 1 0 _aBāga-bagicāra saudāgara.
260 _c1962.
300 _a48 p.
_bill.
_c24 cm.
500 _aIn Oriya.
650 0 _aInsects
_vJuvenile literature.
999 _c62833
_d62833